Vulnerabilidad social, salud y migración México-Estados Unidos /
En este artículo se expone sobre la vulnerabilidad social, la salud y la migración entre México y Estados Unidos. Entendiendo la vulnerabilidad como la relativa desprotección de un grupo de personas cuando enfrentan daños potenciales a su salud, amenazas a la satisfacción de sus necesidades y violac...
Guardado en:
| Hovedforfatter: | |
|---|---|
| Andre forfattere: | , , |
| Format: | Texto |
| Fag: | |
| Tags: |
Tilføj Tag
Ingen Tags, Vær først til at tagge denne postø!
|
MARC
| LEADER | 00000 a a2200000 04500 | ||
|---|---|---|---|
| 001 | 17284 | ||
| 003 | |||
| 040 | |||
| 100 | |a Salgado de Snyder, V. Nelly | ||
| 245 | |a Vulnerabilidad social, salud y migración México-Estados Unidos / |c V. Nelly Salgado de Snyder , et al. | ||
| 520 | |a En este artículo se expone sobre la vulnerabilidad social, la salud y la migración entre México y Estados Unidos. Entendiendo la vulnerabilidad como la relativa desprotección de un grupo de personas cuando enfrentan daños potenciales a su salud, amenazas a la satisfacción de sus necesidades y violación a sus derechos humanos por no contar con recursos personales, sociales y legales | ||
| 650 | |a GRUPOS VULNERABLES | ||
| 650 | |a SALUD | ||
| 650 | |a MIGRACION | ||
| 650 | |a POBREZA | ||
| 650 | |a MEXICO | ||
| 650 | |a ESTADOS UNIDOS | ||
| 700 | |a González Vásquez, Tonatiuh | ||
| 700 | |a Bojorquez Chapela, Letza | ||
| 700 | |a Infante Xibile, César | ||
| 773 | |g volumen 49 Edición Espe; páginas 8-10 | ||
| 999 | |c 29156 |d 29156 | ||
